00781 2200265 4500001002100000005001700021008004100038020002200079035002500101040001200126082000800138084001200146245011700158250001000275260004000285300004000325500003100365650001000396700001800406700002500424850001200449990001800461990001800479990001800497INLIS00000000001104620150918101642.0  a978-602-290-024-5 a0010-081500000002484 aYOPDYOG a297 a297 Isl aISLAM dan urusan kemanusiaanb: konflik, perdamaian dan filantropic/ editor Hilman Latief, Zezen Zaenal Mutaqin aCet.1 aJakartabSerambi Ilmu Semestac2015 a413 hlm.b: ilus.c; 23 cm [3 eks.] aBibliografi : hlm. 381-400 aIslam aHilman Latief aZezen Zaenal Mutaqin aYOPDYOG a19860-PD/B.15 a19861-PD/B.15 a19862-PD/B.15